<?xml version="1.0" encoding="UTF-8"?>
<collection xmlns="http://www.loc.gov/MARC21/slim">
 <record>
  <leader>01591pamaa2200265   4500</leader>
  <controlfield tag="001">0000051629</controlfield>
  <controlfield tag="005">20130822090000.0</controlfield>
  <controlfield tag="008">130822s2014                             eng  </controlfield>
  <datafield tag="020" ind1="0" ind2="0">
   <subfield code="a">9780323100298 </subfield>
  </datafield>
  <datafield tag="090" ind1="0" ind2="0">
   <subfield code="a">RM161 </subfield>
   <subfield code="b">WIL 2014</subfield>
  </datafield>
  <datafield tag="240" ind1="0" ind2="0">
   <subfield code="a">Clinical assessment in respiratory care</subfield>
  </datafield>
  <datafield tag="245" ind1="1" ind2="0">
   <subfield code="a">Wilkins' clinical assessment in respiratory care  </subfield>
   <subfield code="c">[edited by] Albert J. Heuer and Craig L. Scanlan.</subfield>
  </datafield>
  <datafield tag="250" ind1="0" ind2="0">
   <subfield code="a">7th ed.</subfield>
  </datafield>
  <datafield tag="260" ind1="0" ind2="0">
   <subfield code="a">Missouri: </subfield>
   <subfield code="b">Sauders/Elsevier, </subfield>
   <subfield code="c">2014.</subfield>
  </datafield>
  <datafield tag="300" ind1=" " ind2=" ">
   <subfield code="a">xiv, 529p: </subfield>
   <subfield code="b">ill.; </subfield>
   <subfield code="c">28 cm.</subfield>
  </datafield>
  <datafield tag="501" ind1="0" ind2="0">
   <subfield code="a">BPHTI</subfield>
  </datafield>
  <datafield tag="504" ind1="0" ind2="0">
   <subfield code="a">Includes bibliographical references and index</subfield>
  </datafield>
  <datafield tag="505" ind1="0" ind2="0">
   <subfield code="a">Master the patient assessment skills you need to provide effective respiratory therapy! Wilkins' Clinical Assessment in Respiratory Care, 7th Edition prepares you to assist physicians as they make treatment decisions, evaluate the effectiveness of treatment, and determine if changes in the treatment need to be made. This edition expands coverage of infection control and cardiopulmonary symptoms, and follows a more logical progression through the many aspects of assessment. Written by Dr. Albert Heuer and Dr. Craig Scanlan, this comprehensive resource also helps you prepare for the NBRC CRT and RRT credentialing exams by cross-referencing material within the book to the NBRC exam matrices</subfield>
  </datafield>
  <datafield tag="600" ind1="0" ind2="0">
   <subfield code="a">Wilkins, Robert L.</subfield>
  </datafield>
  <datafield tag="650" ind1="0" ind2="0">
   <subfield code="a">Respiratory Therapy -- </subfield>
   <subfield code="x">methods </subfield>
  </datafield>
  <datafield tag="650" ind1="0" ind2="0">
   <subfield code="a">Respiratory Tract Diseases -- </subfield>
   <subfield code="x">therapy </subfield>
  </datafield>
  <datafield tag="650" ind1="0" ind2="0">
   <subfield code="a">Respiratory therapy </subfield>
  </datafield>
  <datafield tag="700" ind1="1" ind2="1">
   <subfield code="a">Scanlan, </subfield>
   <subfield code="h">Craig L. </subfield>
  </datafield>
  <datafield tag="700" ind1="1" ind2="1">
   <subfield code="a">Heuer, </subfield>
   <subfield code="h">Albert J. </subfield>
  </datafield>
  <datafield tag="901" ind1=" " ind2=" ">
   <subfield code="u">http://www.elsevierhealth.com</subfield>
  </datafield>
 </record>
</collection>
